000 00672nam a2200253Ia 4500
005 20250425162320.0
008 250425s9999 xx 000 0 und d
020 _a1843768542
041 _aeng
082 _a658.3
100 _aMCCOURT, WILLY
245 0 _aGLOBAL HUMAN RESOURCE MANAGEMENT: MANAGING PEOPLE IN DEVELOPING AND TRANSITIONAL COUNTRIES
250 _aS.E.
260 _aEstados Unidos
_bEDWARD ELGAR PUBLISHING LIMITED
_c2003
260 _aS.L.
300 _a382
500 _aVLIR
650 _aNEGOCIOS INTERNACIONALES
650 _aPERSONAL
650 _aRELACIONES HUMANAS
710 _aELDRIDGE DEREK
942 _c01
010 _a61785
999 _c226717
_d226717